[Event "World Youth Boys U18 2014"]
[Site "Durban RSA"]
[Date "2014.09.25"]
[Round "7.25"]
[White "Sultan, Ibrahim"]
[Black "Kenenbaev, Aidar"]
[Result "1-0"]
[WhiteTitle "FM"]
[WhiteElo "2023"]
[BlackElo "1739"]
[WhiteFideId "9301143"]
[BlackFideId "13801180"]
[EventDate "2014.09.20"]

1. d4 Nf6 2. c4 g6 3. Nc3 Bg7 4. e4 d6 5. Be3 O-O 6. f3 e5 7. d5 Nh5 8. Qd2 f5
9. exf5 gxf5 10. Bd3 Na6 11. O-O-O Nc5 12. Bxc5 dxc5 13. Nge2 Qf6 14. Kb1 a6 15.
g4 fxg4 16. fxg4 Bxg4 17. Ne4 Qe7 18. Rhg1 Bxe2 19. Qxe2 Nf4 20. Qg4 Ng6 21. Ng5
e4 22. Qh5 Bd4 23. Nxh7 Qxh7 24. Rxg6+ Bg7 25. Qxh7+ Kxh7 26. Bxe4 Rfe8 27. Rdg1
Rxe4 28. Rxg7+ Kh8 29. Rxc7 Rxc4 30. Rd1 Rd8 31. d6 Rd4 32. Rxd4 cxd4 33. d7 Kg7
34. Rxb7 Kf6 35. Kc2 Rh8 36. Kd3 Rh3+ 37. Kxd4 Ke7 38. Kc4 Rxh2 39. Kb3 Rh4 40.
Ka3 Rd4 41. Ra7 Rxd7 42. Rxa6 Rd3+ 43. b3 Kd7 44. Kb4 Kc7 45. a4 Kb7 46. Rh6 Rg3
47. a5 Rg4+ 48. Kb5 Rg5+ 49. Ka4 Rf5 50. b4 Rf7 51. a6+ Ka7 52. Ka5 Rf1 53. Rh7+
Kb8 54. b5 Rf8 55. Rh6 Ka8 56. Rh5 Rg8 57. b6 Rf8 58. a7 Kb7 59. Rc5 Rf1 60.
Rc7+ Ka8 61. Rc8+ 1-0

[Event "World Youth Boys U18 2014"]
[Site "Durban RSA"]
[Date "2014.09.25"]
[Round "7.27"]
[White "Lobersli, Henrik Oie"]
[Black "Machlik, Jon"]
[Result "1/2-1/2"]
[WhiteElo "1950"]
[BlackElo "1859"]
[WhiteFideId "1511947"]
[BlackFideId "1513613"]
[EventDate "2014.09.20"]

1. d4 d5 2. c4 c6 3. Nf3 e6 4. Nc3 f5 5. Bf4 Nf6 6. Qc2 Bd6 7. Bxd6 Qxd6 8. e3
O-O 9. Bd3 Ne4 10. Ne5 Nd7 11. f4 Ndf6 12. O-O Bd7 13. c5 Qe7 14. Bxe4 Nxe4 15.
Nxe4 fxe4 16. b4 Kh8 17. Qe2 Be8 18. a4 b6 19. Rfc1 Rb8 20. Rab1 g5 21. fxg5
Qxg5 22. Rf1 Rxf1+ 23. Rxf1 bxc5 24. bxc5 Kg8 25. Qf2 Qg7 26. Ng4 Bg6 27. Qf4
Rd8 28. Qg5 Rc8 29. Rf6 Bf5 30. Nh6+ Kh8 31. Nf7+ Kg8 32. Nh6+ Kh8 33. Nf7+ 1/2-1/2

[Event "World Youth Boys U18 2014"]
[Site "Durban RSA"]
[Date "2014.09.26"]
[Round "8.1"]
[White "Studer, Noel"]
[Black "Vaibhav, Suri"]
[Result "1/2-1/2"]
[WhiteTitle "FM"]
[BlackTitle "GM"]
[WhiteElo "2404"]
[BlackElo "2521"]
[WhiteFideId "1319620"]
[BlackFideId "5045185"]
[EventDate "2014.09.20"]

1. e4 e5 2. Nf3 Nc6 3. Bc4 Bc5 4. c3 Nf6 5. d4 exd4 6. cxd4 Bb4+ 7. Nbd2 Nxe4 8.
d5 Ne7 9. O-O Nxd2 10. Nxd2 O-O 11. a3 Bxd2 12. Bxd2 d6 13. Re1 Bd7 14. Rc1 Re8
15. Ba5 Ng6 16. Rxe8+ Bxe8 17. Bf1 b6 18. Bc3 a6 19. Qd4 f6 20. g3 Ne5 21. Bg2
Bh5 22. Qe3 Qd7 23. f4 Ng4 24. Qd2 Re8 25. Bd4 Bg6 26. Bf1 a5 27. b3 Be4 28. Bb2
h5 29. a4 Re7 30. h3 Nh6 31. Kh2 Qf5 32. Re1 Kf7 33. Bc4 Kf8 34. Bc3 Qg6 35. b4
axb4 36. Bxb4 Nf5 37. Qf2 Bc2 38. a5 bxa5 39. Bxa5 Rxe1 40. Qxe1 Nd4 41. Qe3 Qe4
42. Qxe4 Bxe4 43. Kg1 c5 44. dxc6 Nxc6 45. Bc3 Ke7 46. Kf2 Bf5 47. Be2 Bxh3 48.
Bxh5 Be6 49. Be2 Nd8 50. g4 Nf7 51. g5 d5 52. Bb4+ Nd6 53. gxf6+ gxf6 54. Ke3
Kd7 55. Bxd6 Kxd6 56. Kd4 Bf5 57. Bf3 Be6 1/2-1/2

[Event "World Youth Boys U18 2014"]
[Site "Durban RSA"]
[Date "2014.09.26"]
[Round "8.2"]
[White "Bortnyk, Olexandr"]
[Black "Csonka, Balazs"]
[Result "1-0"]
[WhiteTitle "IM"]
[BlackTitle "FM"]
[WhiteElo "2505"]
[BlackElo "2412"]
[WhiteFideId "14120828"]
[BlackFideId "742910"]
[EventDate "2014.09.20"]

1. e4 c6 2. Nc3 d5 3. Nf3 Bg4 4. h3 Bxf3 5. Qxf3 dxe4 6. Nxe4 Nd7 7. g3 Ngf6 8.
Bg2 Nxe4 9. Qxe4 g6 10. O-O Bg7 11. Rd1 O-O 12. Qb4 Nb6 13. a4 a5 14. Qb3 e5 15.
c3 Rb8 16. d4 exd4 17. Bf4 Rc8 18. cxd4 Re8 19. Rd2 Bf8 20. d5 Bb4 21. dxc6 Bxd2
22. cxb7 Bxf4 23. bxc8=Q Qxc8 24. gxf4 Qc5 25. Qb5 Qxb5 26. axb5 a4 27. b3 axb3
28. Rb1 Kf8 29. Rxb3 Ke7 30. Bc6 Rc8 31. Kg2 Kd6 32. Rd3+ Kc5 33. Kf3 Nc4 34.
Rd5+ Kb6 35. Rd7 Rc7 36. Rxc7 Kxc7 37. Ke4 Kd6 38. Bd5 Na3 39. b6 f6 40. Bg8 h6
41. Bf7 f5+ 42. Kd4 g5 43. b7 Kc7 44. Bd5 Nb5+ 45. Ke5 Nc3 46. Bf3 g4 47. hxg4
fxg4 48. f5 1-0

[Event "World Youth Boys U18 2014"]
[Site "Durban RSA"]
[Date "2014.09.26"]
[Round "8.4"]
[White "Henriquez Villagra, Cristobal"]
[Black "Ruiz C, Joshua D"]
[Result "1/2-1/2"]
[WhiteTitle "IM"]
[BlackTitle "IM"]
[WhiteElo "2466"]
[BlackElo "2395"]
[WhiteFideId "3409350"]
[BlackFideId "4400704"]
[EventDate "2014.09.20"]

1. d4 Nf6 2. c4 e6 3. Nf3 b6 4. g3 Ba6 5. b3 Bb4+ 6. Bd2 Be7 7. Nc3 d5 8. cxd5
exd5 9. Bg2 O-O 10. O-O Re8 11. Re1 Bb7 12. Qc2 Nbd7 13. Bf4 a6 14. Ne5 Rc8 15.
Qb2 Nf8 16. b4 Ne6 17. Be3 c6 18. Rac1 Bd6 19. Na4 Bc7 20. Rc2 b5 21. Nc5 Nxc5
22. bxc5 a5 23. Bh3 Ra8 24. Bf5 a4 25. a3 Ra6 26. Nd3 Bc8 27. Bxc8 Qxc8 28. Bf4
Bxf4 29. Nxf4 Ra7 30. Qc1 Rae7 31. f3 Qf5 32. Ng2 h6 33. Qd2 Nh7 34. Rc3 Ng5 35.
h4 Nh7 36. Qf4 Qxf4 37. Nxf4 g5 38. hxg5 hxg5 39. Nd3 Re3 40. g4 Nf8 41. Kf2 Ng6
42. Rc2 Nf4 43. Nb4 Rxa3 44. Nxc6 Rb3 45. Na5 Rb4 46. c6 Rc8 47. c7 Kf8 48. Rh1
Ng6 49. Rc6 Kg7 50. Nb7 Ne7 51. Rc5 Rc4 52. Nd6 Rxc5 53. dxc5 Ra8 54. Nxb5 Ra5
55. Rb1 Kf6 56. c6 Ke5 57. e3 a3 58. Nxa3 Kd6 59. Nb5+ Kxc6 60. Rc1+ Kxb5 61.
c8=Q Nxc8 62. Rxc8 Ra2+ 63. Ke1 Ra1+ 64. Kf2 Ra2+ 65. Kg3 Re2 66. Re8 Kc6 67.
Rc8+ Kd6 68. Rc3 Ke5 1/2-1/2

[Event "World Youth Boys U18 2014"]
[Site "Durban RSA"]
[Date "2014.09.26"]
[Round "8.5"]
[White "Zenzera, Alexey"]
[Black "Torosyan, Norayr"]
[Result "1-0"]
[WhiteTitle "IM"]
[WhiteElo "2439"]
[BlackElo "2321"]
[WhiteFideId "4102665"]
[BlackFideId "13300431"]
[EventDate "2014.09.20"]

1. c4 c6 2. d4 d5 3. Nf3 e6 4. Qc2 dxc4 5. Qxc4 Nf6 6. Qc2 Nbd7 7. g3 c5 8. Bg2
b6 9. Ne5 Nd5 10. O-O Nxe5 11. dxe5 Bb7 12. Nc3 Qc7 13. Nxd5 Bxd5 14. Bxd5 exd5
15. f4 Be7 16. e4 d4 17. f5 O-O-O 18. Qc4 Rhf8 19. a4 Qc6 20. Qa6+ Qb7 21. Qd3
Qc6 22. b3 Kb7 23. Bd2 Rc8 24. Rfc1 Rfd8 25. Qc4 f6 26. Qf7 Rc7 27. Qxg7 fxe5
28. Bg5 Bxg5 29. Qxg5 Rcd7 30. Re1 d3 31. Rad1 h6 32. Qe3 d2 33. Re2 Rd3 34. Qf2
Qd6 35. f6 Rf8 36. Rexd2 Rxd2 37. Rxd2 Qxf6 38. Rd7+ Kc6 39. Qxf6+ Rxf6 40. Rxa7
c4 41. bxc4 Kc5 42. Rd7 Kxc4 43. Kg2 Kc3 44. h4 h5 45. Rh7 Kd4 46. Rxh5 Kxe4 47.
Rg5 Kd4 48. h5 e4 49. Rg6 Rf8 50. h6 e3 51. Re6 Kd3 52. g4 e2 53. Kg3 Rf6 54.
Rxe2 Rxh6 55. Re8 Rd6 56. g5 Rd4 57. Re6 Rxa4 58. Rxb6 Ke4 59. Kg4 Ke5+ 60. Kh5
Ra1 61. Kh6 Rh1+ 62. Kg7 Kf5 63. Rb5+ Ke6 64. g6 Rh2 65. Rb6+ Ke7 66. Kg8 Rh6
67. Rb7+ Ke8 68. g7 Rh3 69. Rb1 1-0

[Event "World Youth Boys U18 2014"]
[Site "Durban RSA"]
[Date "2014.09.26"]
[Round "8.7"]
[White "Akhmetov, Ayan"]
[Black "Nasuta, Grzegorz"]
[Result "1-0"]
[WhiteTitle "IM"]
[BlackTitle "FM"]
[WhiteElo "2350"]
[BlackElo "2361"]
[WhiteFideId "13703706"]
[BlackFideId "1141686"]
[EventDate "2014.09.20"]

1. e4 c5 2. Nf3 d6 3. d4 cxd4 4. Nxd4 Nf6 5. f3 e5 6. Nb3 Be6 7. c4 Nbd7 8. Be3
Rc8 9. Na3 a6 10. Be2 Be7 11. O-O O-O 12. Qd2 Ne8 13. Rac1 g6 14. Rfd1 Ng7 15.
Nc2 Bxc4 16. Bxc4 Rxc4 17. Nb4 Rxc1 18. Rxc1 Ne6 19. Nd5 Nf6 20. Na5 Nxd5 21.
Nxb7 Qd7 22. Qxd5 Rb8 23. Na5 Rxb2 24. Nc4 Re2 25. Qa8+ Qd8 26. Qxa6 Bg5 27. Kf1
Nc5 28. Bxc5 dxc5 29. Kxe2 Bxc1 30. Qb6 Qa8 31. Qa5 Qc8 32. Nxe5 Bf4 33. Nd3 Bd6
34. Qb6 Bf8 35. Ne5 c4 36. Qc6 Qb8 37. Nxc4 Qxh2 38. Ne3 Qg1 39. Qc8 Qa1 40. Qc2
Bb4 41. a4 h5 42. Nd5 Ba5 43. Kd3 Qf1+ 44. Kd4 Be1 45. Ke5 Bf2 46. Qc8+ Kg7 47.
Kd6 Bg3+ 48. Kd7 Qxg2 49. Qc3+ Kh7 50. Ke7 Qh2 51. Kxf7 Be5 52. Qc8 Qg3 53. f4
Bxf4 54. Qg8+ Kh6 55. Qg7+ Kg5 56. Qxg6+ Kh4 57. Qf5 Bg5 58. e5 Qb3 59. Qe4+ Kg3
60. Kg6 Bd8 61. Kxh5 Qb7 62. e6 Qc6 63. Qe3+ Kh2 64. Qe2+ Kh1 65. Nf4 Bc7 66.
Qg2+ 1-0

[Event "World Youth Boys U18 2014"]
[Site "Durban RSA"]
[Date "2014.09.26"]
[Round "8.8"]
[White "Wagner, Dennis"]
[Black "Yurtseven, Melih"]
[Result "1-0"]
[WhiteTitle "IM"]
[WhiteElo "2499"]
[BlackElo "2208"]
[WhiteFideId "24650684"]
[BlackFideId "6312160"]
[EventDate "2014.09.20"]

1. d4 Nf6 2. c4 c5 3. d5 e6 4. Nc3 exd5 5. cxd5 d6 6. Nf3 g6 7. Bf4 Bg7 8. Qa4+
Bd7 9. Qb3 Qc7 10. e4 O-O 11. Nd2 Nh5 12. Be3 f5 13. exf5 Bxf5 14. Be2 Nf6 15.
O-O Na6 16. a3 Rab8 17. Nb5 Qd8 18. Nc4 Ne8 19. Nxa7 Nac7 20. Rad1 Ra8 21. Qxb7
Qh4 22. Nc6 Bc8 23. Qb3 Ba6 24. Rd2 Bxc4 25. Qxc4 Qf6 26. a4 Qf7 27. a5 Nf6 28.
Bf3 Nd7 29. b4 cxb4 30. Qxb4 Ne5 31. Nxe5 Bxe5 32. Rc1 Na6 33. Qg4 Qg7 34. Rdc2
h5 35. Qe6+ Kh8 36. Rc8 Nc5 37. Rxf8+ Rxf8 38. Bxc5 dxc5 39. Rxc5 Bd6 40. Rc1
Qh6 41. Rc8 Qf4 42. Rxf8+ Bxf8 43. Qc8 Kg7 44. Qc3+ Kh7 45. g3 Qa4 46. Qc7+ 1-0

[Event "World Youth Boys U18 2014"]
[Site "Durban RSA"]
[Date "2014.09.26"]
[Round "8.9"]
[White "Ivekovic, Bozidar2"]
[Black "Serikbay, Chingiz"]
[Result "1/2-1/2"]
[WhiteElo "2299"]
[BlackElo "2173"]
[WhiteFideId "14518848"]
[BlackFideId "13707604"]
[EventDate "2014.09.20"]

1. d4 d5 2. c4 c6 3. Nc3 Nf6 4. e3 e6 5. Bd2 Nbd7 6. Rc1 Bd6 7. cxd5 exd5 8. Bd3
Qe7 9. Qc2 O-O 10. Nge2 Re8 11. f3 c5 12. dxc5 Nxc5 13. Nb5 Nxd3+ 14. Qxd3 Bc5
15. Nbd4 Nd7 16. Nf4 Ne5 17. Qc3 Qh4+ 18. Kf1 b6 19. g3 Qh6 20. Kg2 Nc4 21. b3
Ne5 22. Nd3 Bh3+ 23. Kf2 Ba3 24. Nxe5 Bxc1 25. Nxf7 Qf6 26. Rxc1 Rac8 27. Qb4
Rxc1 28. Bxc1 Qxf7 29. Qd6 Be6 30. Bb2 Qf6 31. Qc7 Bf7 32. h4 Qe5 33. Qxe5 Rxe5
34. g4 Re8 35. Ke2 Be6 36. Kd2 Kf7 37. Ke2 g6 38. Kd2 Bd7 39. Bc3 Ke7 40. Bb4+
Kd8 41. Bd6 Kc8 42. Ke2 Kb7 43. Bg3 a5 44. a3 b5 45. Be1 Kb6 46. b4 axb4 47.
Bxb4 Rc8 48. Kd2 Rc4 49. Kd1 Kc7 50. Kd2 Kd8 51. Kd1 Ke8 52. Kd2 Kf7 53. Kd1 Kg7
54. Kd2 Kf6 55. Bc3 Kf7 56. Bb4 Ke8 57. Bc3 Kd8 58. Bb4 Kc7 59. Kd1 Kb6 60. Kd2
Rc7 61. Nb3 Rc8 62. Nd4 Re8 63. Ke2 1/2-1/2

[Event "World Youth Boys U18 2014"]
[Site "Durban RSA"]
[Date "2014.09.26"]
[Round "8.10"]
[White "Flermoen, Peter"]
[Black "Di Giannantonio, Nino"]
[Result "1-0"]
[WhiteTitle "CM"]
[BlackTitle "FM"]
[WhiteElo "2226"]
[BlackElo "2128"]
[WhiteFideId "1507303"]
[BlackFideId "119261"]
[EventDate "2014.09.20"]

1. e4 d6 2. d4 Nf6 3. Nc3 e5 4. dxe5 dxe5 5. Qxd8+ Kxd8 6. Bg5 c6 7. Bc4 Ke8 8.
f3 Bd6 9. Nge2 Nbd7 10. a3 h6 11. Bh4 Kf8 12. O-O-O Bc7 13. Bf2 g6 14. g4 Kg7
15. h4 h5 16. g5 Nh7 17. f4 Bb6 18. Bg3 Be3+ 19. Kb1 exf4 20. Nxf4 Re8 21. Rhf1
Bxf4 22. Bxf4 Ndf8 23. Bd6 Be6 24. Bxe6 Rxe6 25. Rf3 Kg8 26. Bg3 Re7 27. Rd6 Nd7
28. Rfd3 Nhf8 29. Rd1 Rae8 30. b3 Ne5 31. a4 Nfd7 32. Kb2 a5 33. R6d2 Nc5 34.
Bf2 Ncd7 35. Rd6 Ng4 36. Bd4 Nde5 37. Bb6 Nf3 38. Rf1 Nge5 39. Rh1 Ra8 40. Rd8+
Rxd8 41. Bxd8 Re8 42. Bxa5 Ng4 43. Rh3 Nge5 44. Bb6 f6 45. gxf6 Kf7 46. Kc1 Kxf6
47. Kd1 g5 48. hxg5+ Kxg5 49. Ke2 Kg4 50. Rh1 Nd7 51. Be3 h4 52. Nd1 Kg3 53. Rf1
Nde5 54. Bf2+ Kh2 55. Bb6 h3 56. Ne3 Ng1+ 57. Kf2 Rf8+ 58. Nf5 Rg8 59. Ne3 Kh1
60. Bc7 Ng4+ 61. Nxg4 Rxg4 62. Bg3 h2 63. e5 Rg5 64. Bxh2 Kxh2 65. Ra1 Rxe5 66.
a5 Re2+ 67. Kf1 Rxc2 68. a6 Nf3 69. axb7 1-0

[Event "World Youth Boys U18 2014"]
[Site "Durban RSA"]
[Date "2014.09.26"]
[Round "8.11"]
[White "Hackner, Oskar A"]
[Black "Das, Sayantan"]
[Result "1/2-1/2"]
[BlackTitle "IM"]
[WhiteElo "2102"]
[BlackElo "2456"]
[WhiteFideId "424188"]
[BlackFideId "5034426"]
[EventDate "2014.09.20"]

1. d4 d5 2. c4 e6 3. Nc3 c6 4. e3 Nf6 5. Nf3 Nbd7 6. Qc2 Bd6 7. Bd3 O-O 8. O-O
dxc4 9. Bxc4 b5 10. Bd3 Bb7 11. Ng5 h6 12. Nge4 Nxe4 13. Nxe4 Be7 14. Bd2 b4 15.
Rfd1 Qb6 16. Be1 1/2-1/2

[Event "World Youth Boys U18 2014"]
[Site "Durban RSA"]
[Date "2014.09.26"]
[Round "8.12"]
[White "Nikolov, Rumen"]
[Black "Harutyunian, Tigran K."]
[Result "0-1"]
[BlackTitle "IM"]
[WhiteElo "2172"]
[BlackElo "2439"]
[WhiteFideId "2911620"]
[BlackFideId "13303635"]
[EventDate "2014.09.20"]

1. e4 c5 2. Nf3 d6 3. d4 cxd4 4. Nxd4 Nc6 5. g3 e6 6. Bg2 Qc7 7. O-O a6 8. c4
Nf6 9. b3 Be7 10. Bb2 O-O 11. Nc3 Bd7 12. Rc1 Qa5 13. Nxc6 Bxc6 14. Qe2 Rfc8 15.
Nd5 exd5 16. exd5 Bxd5 17. Qxe7 Bxg2 18. Kxg2 Qb6 19. Qe2 Re8 20. Qf3 Re6 21.
Rce1 Rae8 22. Rxe6 Rxe6 23. Bxf6 Rxf6 24. Qe3 Qc6+ 25. Kg1 Re6 26. Qd3 h5 27. h4
g6 28. Rd1 Re5 29. Kh2 Re6 30. Qd5 Qb6 31. Rd2 Rf6 32. Kg1 Qc7 33. Kg2 Qe7 0-1

[Event "World Youth Boys U18 2014"]
[Site "Durban RSA"]
[Date "2014.09.26"]
[Round "8.13"]
[White "Rindlisbacher, Lars"]
[Black "Nielsen, Viktor"]
[Result "1/2-1/2"]
[WhiteTitle "FM"]
[WhiteElo "2336"]
[BlackElo "2052"]
[WhiteFideId "1304178"]
[BlackFideId "1444492"]
[EventDate "2014.09.20"]

1. d4 Nf6 2. Nf3 e6 3. c4 c5 4. d5 b5 5. Bf4 bxc4 6. Nc3 Qa5 7. Bd2 Qb6 8. e4
Bb7 9. Qe2 Bd6 10. dxe6 fxe6 11. e5 Bxe5 12. Nxe5 Nd5 13. Qh5+ g6 14. Nxg6 hxg6
15. Qxh8+ 1/2-1/2

[Event "World Youth Boys U18 2014"]
[Site "Durban RSA"]
[Date "2014.09.26"]
[Round "8.14"]
[White "Dukic, Zachary"]
[Black "Shetty, Atulya"]
[Result "0-1"]
[BlackTitle "FM"]
[WhiteElo "1937"]
[BlackElo "2328"]
[WhiteFideId "2617188"]
[BlackFideId "2031213"]
[EventDate "2014.09.20"]

1. e4 c5 2. c3 d5 3. exd5 Qxd5 4. d4 Nf6 5. Nf3 Nc6 6. Na3 cxd4 7. Nb5 Qd8 8.
Nbxd4 Nxd4 9. Qxd4 Qxd4 10. Nxd4 a6 11. Be2 e5 12. Nb3 Be6 13. Bg5 Nd5 14. Bf3
f6 15. Rd1 Rd8 16. Bd2 b5 17. Na5 Rd7 18. O-O Kf7 19. a3 Bc5 20. c4 bxc4 21.
Nxc4 Bd4 22. Be2 Rhd8 23. Rc1 g6 24. g3 h5 25. Be3 Bh3 26. Rfd1 Nxe3 27. Nxe3 0-1

[Event "World Youth Boys U18 2014"]
[Site "Durban RSA"]
[Date "2014.09.26"]
[Round "8.15"]
[White "Bida, Mihai-Eugen"]
[Black "Poleg, Matan"]
[Result "1/2-1/2"]
[WhiteElo "2323"]
[BlackElo "2039"]
[WhiteFideId "1200062"]
[BlackFideId "2811472"]
[EventDate "2014.09.20"]

1. c4 c5 2. Nf3 Nc6 3. d4 cxd4 4. Nxd4 g6 5. e4 Bg7 6. Be3 Nf6 7. Nc3 d6 8. Be2
O-O 9. O-O Bd7 10. Nc2 a5 11. Rb1 a4 12. b3 axb3 13. axb3 Be6 14. Qd2 Nd7 15. f4
Nc5 16. Bf3 Nxb3 17. Rxb3 Bxc4 18. Rxb7 Bxf1 19. Kxf1 Na5 20. Rb4 Rc8 21. Bd4 1/2-1/2

[Event "World Youth Boys U18 2014"]
[Site "Durban RSA"]
[Date "2014.09.26"]
[Round "8.16"]
[White "Machan, Jan"]
[Black "Bezuidenhout, Roland"]
[Result "1-0"]
[BlackTitle "CM"]
[WhiteElo "2248"]
[BlackElo "2030"]
[WhiteFideId "334774"]
[BlackFideId "14304562"]
[EventDate "2014.09.20"]

1. Nf3 d6 2. d4 Nf6 3. c4 Nbd7 4. Nc3 e5 5. e4 Be7 6. Be2 O-O 7. O-O c6 8. Qc2
Re8 9. Rd1 Bf8 10. h3 a6 11. Be3 b6 12. dxe5 dxe5 13. Na4 Qc7 14. c5 Nxc5 15.
Nxc5 bxc5 16. Nd2 Nd7 17. Rac1 Rb8 18. Nc4 h6 19. Bd2 Nf6 20. Ba5 Qa7 21. Bc3
Qc7 22. Rd2 Nh7 23. Rcd1 Ng5 24. h4 Nh7 25. Ba5 Qb7 26. Nb6 Nf6 27. Bc4 Be6 28.
Bxe6 fxe6 1-0

[Event "World Youth Boys U18 2014"]
[Site "Durban RSA"]
[Date "2014.09.26"]
[Round "8.17"]
[White "Ofner, Maximilian"]
[Black "Javanbakht, Nima"]
[Result "0-1"]
[BlackTitle "FM"]
[WhiteElo "2145"]
[BlackElo "2364"]
[WhiteFideId "1637789"]
[BlackFideId "12510670"]
[EventDate "2014.09.20"]

1. e4 c5 2. Nf3 Nc6 3. d4 cxd4 4. Nxd4 e5 5. Nb5 d6 6. N1c3 a6 7. Na3 b5 8. Nd5
Nge7 9. c4 Nd4 10. Bg5 f6 11. Be3 Nxd5 12. exd5 Nf5 13. Bd2 Be7 14. cxb5 O-O 15.
Bd3 Nh4 16. g3 Ng6 17. Qc2 e4 18. Be2 0-1

[Event "World Youth Boys U18 2014"]
[Site "Durban RSA"]
[Date "2014.09.26"]
[Round "8.18"]
[White "Olund, Joar"]
[Black "Salomon, Johan"]
[Result "1/2-1/2"]
[WhiteElo "2280"]
[BlackElo "2362"]
[WhiteFideId "1714848"]
[BlackFideId "1509500"]
[EventDate "2014.09.20"]

1. d4 Nf6 2. c4 e6 3. Nf3 b6 4. g3 Ba6 5. Qc2 c5 6. d5 exd5 7. cxd5 Be7 8. Bg2
Nxd5 9. O-O Bb7 10. Rd1 Nc6 11. Qf5 Nf6 12. e4 g6 13. Qf4 O-O 14. e5 Nh5 15. Qc4
Ng7 16. Nc3 Ne6 17. Bh6 Re8 18. Re1 Rc8 19. Qd3 Ba8 20. Rad1 Ncd4 21. Nxd4 Nxd4
22. Be3 Nf3+ 23. Bxf3 Bxf3 24. Rd2 Bc6 1/2-1/2

[Event "World Youth Boys U18 2014"]
[Site "Durban RSA"]
[Date "2014.09.26"]
[Round "8.19"]
[White "Menezes, Christoph"]
[Black "Sultan, Ibrahim"]
[Result "1/2-1/2"]
[WhiteTitle "FM"]
[BlackTitle "FM"]
[WhiteElo "2329"]
[BlackElo "2023"]
[WhiteFideId "1617001"]
[BlackFideId "9301143"]
[EventDate "2014.09.20"]

1. c4 e6 2. g3 d5 3. Bg2 Nf6 4. Nf3 Bd6 5. O-O O-O 6. d4 c6 7. Qc2 Nbd7 8. Nbd2
e5 9. cxd5 Nxd5 10. Nc4 Qc7 11. Nxd6 Qxd6 12. dxe5 Nxe5 13. Nxe5 Qxe5 14. Bf4
Qh5 15. a3 Nf6 16. Rfe1 Bh3 17. Bh1 Rad8 18. e4 Rd7 19. f3 Rfd8 20. Be3 Be6 21.
Rad1 Ra8 22. Qc5 Qxc5 23. Bxc5 Bb3 24. Rxd7 Nxd7 1/2-1/2

[Event "World Youth Boys U18 2014"]
[Site "Durban RSA"]
[Date "2014.09.26"]
[Round "8.20"]
[White "Kjoita, Torgeir"]
[Black "Visakh, NR"]
[Result "1/2-1/2"]
[WhiteElo "2010"]
[BlackElo "2300"]
[WhiteFideId "1509870"]
[BlackFideId "25012223"]
[EventDate "2014.09.20"]

1. e4 c5 2. Nf3 d6 3. d4 cxd4 4. Nxd4 Nf6 5. Nc3 a6 6. Bg5 e6 7. f4 Qc7 8. Qd2
Nbd7 9. O-O-O Be7 10. g3 b5 11. Bg2 Bb7 12. Rhe1 h6 13. Bh4 Nb6 14. e5 dxe5 15.
fxe5 Nfd5 16. Bxe7 Qxe7 17. Nf5 exf5 18. Nxd5 Nxd5 19. Bxd5 Rd8 20. e6 fxe6 21.
Rxe6 Qxe6 22. Bxe6 Rxd2 23. Rxd2 1/2-1/2

[Event "World Youth Boys U18 2014"]
[Site "Durban RSA"]
[Date "2014.09.26"]
[Round "8.21"]
[White "Eltigani, Omar"]
[Black "Nassr, Ali"]
[Result "1-0"]
[WhiteTitle "IM"]
[BlackTitle "IM"]
[WhiteElo "2261"]
[BlackElo "2215"]
[WhiteFideId "738794"]
[BlackFideId "7900520"]
[EventDate "2014.09.20"]

1. c4 Nf6 2. Nc3 c5 3. g3 Nc6 4. Bg2 d6 5. Nf3 a6 6. d4 cxd4 7. Nxd4 Bd7 8. Bg5
e6 9. O-O Be7 10. Nc2 Qc7 11. Qd2 Ne5 12. b3 Bc6 13. e4 O-O 14. Rad1 Rad8 15. f4
Ng6 16. f5 exf5 17. Rxf5 Ng4 18. Be3 N6e5 19. h3 Nxe3 20. Nxe3 g6 21. Ned5 Qd7
22. Rf2 Kg7 23. Qd4 Qe6 24. Nf4 Qc8 1-0

[Event "World Youth Boys U18 2014"]
[Site "Durban RSA"]
[Date "2014.09.26"]
[Round "8.22"]
[White "Holleland, Sigve"]
[Black "Malka, Samuel"]
[Result "0-1"]
[WhiteElo "2001"]
[BlackElo "2298"]
[WhiteFideId "1513672"]
[BlackFideId "20643675"]
[EventDate "2014.09.20"]

1. c4 Nf6 2. Nc3 g6 3. g3 Bg7 4. Bg2 O-O 5. Nf3 c6 6. e4 d6 7. d4 e5 8. O-O Qa5
9. d5 cxd5 10. cxd5 b5 11. Bd2 a6 12. a4 b4 13. Ne2 Qc7 14. a5 Nbd7 15. Qb3 0-1

[Event "World Youth Boys U18 2014"]
[Site "Durban RSA"]
[Date "2014.09.26"]
[Round "8.23"]
[White "Abe, Mahiro"]
[Black "Lobersli, Henrik Oie"]
[Result "1-0"]
[WhiteElo "2146"]
[BlackElo "1950"]
[WhiteFideId "7000235"]
[BlackFideId "1511947"]
[EventDate "2014.09.20"]

1. e4 e5 2. Nf3 Nc6 3. Bb5 Nf6 4. d3 Bc5 5. Nc3 d6 6. Na4 Bb6 7. Nxb6 axb6 8. c3
O-O 9. O-O h6 10. h3 Qe7 11. Re1 Bd7 12. Ba4 Rfe8 13. Bc2 Qf8 14. Nh4 Ne7 15.
Qf3 Ng6 16. Nf5 Ne7 17. Nxh6+ gxh6 18. Qxf6 Ng6 19. Qf3 Qg7 20. Qh5 Kh7 1-0

[Event "World Youth Boys U18 2014"]
[Site "Durban RSA"]
[Date "2014.09.26"]
[Round "8.24"]
[White "Andriamalala, Fanomezana"]
[Black "Bratkovic, Sham"]
[Result "0-1"]
[WhiteElo "1876"]
[BlackElo "2093"]
[WhiteFideId "13101056"]
[BlackFideId "14608715"]
[EventDate "2014.09.20"]

1. d4 d5 2. c4 c6 3. Nc3 Nf6 4. Nf3 e6 5. Bf4 dxc4 6. a4 Nd5 7. Bg5 Be7 8. Bxe7
Qxe7 9. e3 b5 10. Ne5 O-O 11. Be2 Bb7 12. O-O Nxc3 13. bxc3 Nd7 14. Nf3 a6 15.
Rb1 Nb6 16. axb5 cxb5 0-1

[Event "World Youth Boys U18 2014"]
[Site "Durban RSA"]
[Date "2014.09.26"]
[Round "8.25"]
[White "Kjoita, Henning"]
[Black "Koh, Cedric"]
[Result "1-0"]
[WhiteElo "2010"]
[BlackElo "1836"]
[WhiteFideId "1509861"]
[BlackFideId "3200523"]
[EventDate "2014.09.20"]

1. e4 c6 2. d4 d5 3. e5 Bf5 4. h4 h5 5. Bd3 Bxd3 6. Qxd3 e6 7. Nf3 Nd7 8. O-O
Nh6 9. Bxh6 Rxh6 10. c4 Be7 11. g3 Rg6 12. cxd5 cxd5 13. Nc3 a6 14. Rac1 Nb6 15.
Ne2 Rh6 16. Nf4 Kd7 17. Nh3 f6 18. b3 Qe8 19. Rc2 Qg6 20. Qd2 Rc8 21. Nf4 Qe4
22. Kg2 g5 23. Re1 Qf5 24. exf6 gxf4 25. fxe7 fxg3 26. Rxc8 Nxc8 27. Ne5+ Kxe7 1-0